000 00670nam a2200193Ia 4500
003 GCL
008 140319s9999 xx 000 0 ara d
040 _aGCL /
_cGCL
082 0 4 _a257.3
_bم ت
100 1 _aمحمد شوقى الفنجرى
245 1 0 _aالتعريف بالاقتصاد الاسلامى /
_cمحمد شوقى الفنجرى
260 _a[S.N] :
_bالمجلس الاعلى للشئون الاسلامية ،
_c1989
300 _a143 ص
490 _aدراسات فى الاسلام
_v0
650 0 4 _aالاسلام
650 0 4 _aالاقتصاد الاسلامى
650 0 4 _aالنظام المالى فى الاسلام
942 _2ddc
_cBK
999 _c35849
_d35849